000 00784nam a2200229Ia 4500
003 OSt
005 20220923214318.0
006 a|||||r|||| 00| 0
007 ta
008 220922b |||||||| |||| 00| 0 hin d
024 _a168,687
037 _cTextual
040 _aARTS
_cARTS
_bhin
041 _2hin
_ahin
082 _aO152:1M86:33:9, J2;1
100 _aटंडन, लक्ष्मीनारायण; चौधरी, रामखेलावन
245 0 _aयशोधरा
_b एक अध्ययन
246 _aYashodharā: ek adhyayana
260 _c1952
942 _hO152:1M86:33:9, J2;1
_cTEXL
_2CC
999 _c323154
_d323154